[Event "IECC M email"]
[Site "IECC email"]
[Date "2001.10.15"]
[Round "?"]
[White "Sala, Stefano"]
[Black "Skera, Dave"]
[Result "1-0"]
[WhiteElo "1586"]
[BlackElo "1283"]
[PlyCount "95"]
[EventDate "2001.??.??"]
[EventType "tourn (corr)"]
[EventRounds "6"]
[SourceTitle "Corr 2008"]
[Source "ChessBase"]
[SourceDate "2008.06.24"]
[SourceVersion "1"]
[SourceVersionDate "2008.06.24"]
[SourceQuality "1"]

1. e4 c5 2. Nf3 Nc6 3. Bb5 Qb6 4. Nc3 d6 5. 0-0 a6 6. Ba4 Bd7 7. Nd5 Qa5 8. c3 Nb8 9. Bxd7+ Nxd7 10. d3 e6 11. Ne3 Ne7 12. Nc4 Qc7 13. Re1 b5 14. Ne3 h6 15. b4 Ng6 16. Ng4 Nb6 17. e5 d5 18. Ba3 Nd7 19. Rc1 c4 20. d4 Nf4 21. Rc2 Nb6 22. Bc1 Nd3 23. Ree2 Nxc1 24. Qxc1 Be7 25. Qd2 Na4 26. Qd1 a5 27. a3 Nb6 28. Ne3 Na4 29. Qd2 Qa7 30. Ra2 Bd8 31. Ra1 Nb6 32. Nc2 a4 33. Qf4 Qe7 34. Qg3 0-0 35. Ne3 Nd7 36. Ng4 Kh7 37. Rf1 Bc7 38. Ne3 Rg8 39. Qh4 Bd8 40. Qh3 Nf8 41. Nd2 Ng6 42. f4 Bc7 43. f5 exf5 44. Nxd5 Qd8 45. Nxc7 Qxc7 46. Qxf5 Raf8 47. Ne4 Kh8 48. Nd6 1-0

[Event "IECC M email"]
[Site "IECC email"]
[Date "2001.10.15"]
[Round "?"]
[White "Skera, Dave"]
[Black "Norvoll, Pal I"]
[Result "0-1"]
[WhiteElo "1296"]
[BlackElo "1580"]
[PlyCount "94"]
[EventDate "2001.??.??"]
[EventType "tourn (corr)"]
[EventRounds "6"]
[SourceTitle "Corr 2008"]
[Source "ChessBase"]
[SourceDate "2008.06.24"]
[SourceVersion "1"]
[SourceVersionDate "2008.06.24"]
[SourceQuality "1"]

1. e4 c5 2. d3 Nf6 3. Bg5 d5 4. Bxf6 exf6 5. Nc3 d4 6. Nd5 Be6 7. Nf4 Qa5+ 8. Qd2 Qxd2+ 9. Kxd2 Bd6 10. Nxe6 fxe6 11. g3 Nc6 12. a3 h5 13. Bh3 Kd7 14. f4 g5 15. f5 g4 16. fxe6+ Kxe6 17. Bg2 h4 18. Ne2 h3 19. Bf1 Rae8 20. Nf4+ Bxf4+ 21. gxf4 Reg8 22. Rg1 g3 23. Rxg3 Rxg3 24. hxg3 h2 25. Bg2 Nb8 26. Re1 Nd7 27. Ke2 Nb6 28. b3 Nc8 29. Kf2 Nd6 30. g4 Nb5 31. Ra1 a6 32. Kg3 Nc3 33. Bf3 Ne2+ 34. Kg2 Nxf4+ 35. Kh1 Ke5 36. Rf1 b5 37. Rf2 Rh3 38. Bg2 Nxg2 39. Rxg2 c4 40. g5 cxb3 41. cxb3 fxg5 42. Rxg5+ Kf4 43. Rf5+ Ke3 44. e5 Kxd3 45. e6 Re3 46. Rf6 Ke2 47. Rh6 d3 0-1

[Event "IECC M email"]
[Site "IECC email"]
[Date "2001.10.15"]
[Round "?"]
[White "Skera, Dave"]
[Black "Sala, Stefano"]
[Result "0-1"]
[WhiteElo "1296"]
[BlackElo "1484"]
[PlyCount "58"]
[EventDate "2001.??.??"]
[EventType "tourn (corr)"]
[EventRounds "6"]
[SourceTitle "Corr 2008"]
[Source "ChessBase"]
[SourceDate "2008.06.24"]
[SourceVersion "1"]
[SourceVersionDate "2008.06.24"]
[SourceQuality "1"]

1. e4 d6 2. b3 e5 3. Bb5+ c6 4. Bc4 Nf6 5. Nc3 b5 6. Be2 b4 7. Na4 Nxe4 8. Bf3 d5 9. Bb2 Bd6 10. Bxe4 dxe4 11. Ne2 Qg5 12. Ng3 Bg4 13. Ne2 f5 14. h4 Qg6 15. d4 exd3 16. cxd3 f4 17. f3 Bh5 18. Kf1 c5 19. Rc1 Nd7 20. Qd2 0-0 21. Ng1 Rfd8 22. Ba1 Rac8 23. Nh3 Nb6 24. Nb2 Be7 25. Qf2 Qf5 26. Ke2 Nd5 27. Rhd1 Nc3+ 28. Rxc3 bxc3 29. Nc4 c2 0-1

[Event "IECC O email"]
[Site "IECC email"]
[Date "2001.10.10"]
[Round "?"]
[White "Skera, Dave"]
[Black "Warchol, Dariusz"]
[Result "0-1"]
[WhiteElo "1326"]
[BlackElo "1193"]
[PlyCount "37"]
[EventDate "2001.??.??"]
[EventType "tourn (corr)"]
[EventRounds "6"]
[SourceTitle "Corr 2008"]
[Source "ChessBase"]
[SourceDate "2008.06.24"]
[SourceVersion "1"]
[SourceVersionDate "2008.06.24"]
[SourceQuality "1"]

1. e4 e5 2. Nf3 d6 3. Bc4 Bg4 4. d3 Nf6 5. h3 Bh5 6. Bg5 Be7 7. 0-0 0-0 8. Nbd2 a6 9. a3 h6 10. c3 hxg5 11. Qb3 b6 12. Nxg5 Qd7 13. Ne6 Re8 14. Nxg7 Kxg7 15. Rae1 b5 16. Bd5 c6 17. d4 cxd5 18. dxe5 dxe5 19. exd5 0-1

[Event "IECC KO email"]
[Site "IECC email"]
[Date "2001.02.26"]
[Round "?"]
[White "Skera, Dave"]
[Black "Parker, Frank"]
[Result "0-1"]
[WhiteElo "1308"]
[BlackElo "1500"]
[PlyCount "38"]
[EventDate "2001.??.??"]
[EventType "tourn (corr)"]
[EventRounds "6"]
[SourceTitle "Corr 2008"]
[Source "ChessBase"]
[SourceDate "2008.06.24"]
[SourceVersion "1"]
[SourceVersionDate "2008.06.24"]
[SourceQuality "1"]

1. e4 e5 2. Nf3 Nf6 3. d3 Nc6 4. h3 d5 5. Nc3 Bb4 6. Bd2 0-0 7. a3 dxe4 8. Nxe4 Bxd2+ 9. Nfxd2 Nd5 10. Nc4 f5 11. Nc5 b6 12. Nb3 Re8 13. Be2 Nf4 14. 0-0 Qg5 15. Ne3 Nd4 16. Nd2 Ndxe2+ 17. Kh1 Bb7 18. Nf3 Bxf3 19. gxf3 Qh4 0-1

[Event "IECC M email"]
[Site "IECC email"]
[Date "2001.02.10"]
[Round "?"]
[White "Pascute, Bruce"]
[Black "Skera, Dave"]
[Result "0-1"]
[WhiteElo "1364"]
[BlackElo "1300"]
[PlyCount "42"]
[EventDate "2001.??.??"]
[EventType "tourn (corr)"]
[EventRounds "6"]
[SourceTitle "Corr 2008"]
[Source "ChessBase"]
[SourceDate "2008.06.24"]
[SourceVersion "1"]
[SourceVersionDate "2008.06.24"]
[SourceQuality "1"]

1. e4 e5 2. Nf3 d6 3. d4 Nc6 4. d5 Nce7 5. Nc3 h6 6. Bb5+ Bd7 7. h3 a6 8. Ba4 Ng6 9. Be3 Nf6 10. a3 Bxa4 11. Nxa4 Nxe4 12. c4 Be7 13. Qc2 Qd7 14. b3 b5 15. Nc3 Nf6 16. 0-0 Rc8 17. cxb5 axb5 18. b4 c6 19. Qb3 0-0 20. Rac1 Rfe8 21. dxc6 Rxc6 0-1